000
00179nam a22000857a 4500
082
_a
823
100
_a
GAIL HERMAN
245
_a
THE STONE SOUP A CZECHOSLOVAKIAN FOLK TALE
942
_c
BK
999
_c
8404
_d
8404